LEADER 00941nam a2200289 i 4500 001 991000822339707536 005 20020506124803.0 008 970307s1984 uk ||| | eng 035 $ab10134438-39ule_inst 035 $aLE00637421$9ExL 040 $aDip.to Fisica$bita 084 $a52.9.58 084 $a523.01 084 $aQB461 100 1 $aKitchin, C.R.$0461164 245 10$aAstrophysical techniques /$cC.R. Kitchin 260 $aBristol :$bAdam Hilger Ltd,$c1984 300 $axiv, 438 p. :$bill. ;$c24 cm. 650 4$aAstronomical instruments 650 4$aAstronomy 650 4$aAstrophysics 907 $a.b10134438$b21-09-06$c27-06-02 912 $a991000822339707536 945 $aLE006 52.9.57+52.9.58 KIT$g1$i2006000029407$lle006$o-$pE0.00$q-$rl$s- $t0$u1$v2$w1$x0$y.i10158285$z27-06-02 996 $aAstrophysical techniques$9185422 997 $aUNISALENTO 998 $ale006$b01-01-97$cm$da $e-$feng$guk $h0$i1 LEADER 02140oam 2200277z- 450 001 9910154669703321 005 20230913112557.0 010 $a1-68144-573-5 035 $a(CKB)3710000000971893 035 $a(BIP)052494714 035 $a(EXLCZ)993710000000971893 100 $a20190630c2016uuuu -u- - 101 0 $aeng 200 10$aGoodbye to the Dead 210 $cQuercus 215 $a1 online resource (416 p.) 311 $a1-62365-911-6 330 8 $aDetective Jonathan Stride's first wife, Cindy, died of cancer eight years ago, but her ghost hangs over Stride's relationship with current lover, and fellow detective, Serena Dial. When Serena witnesses a brutal murder outside a Duluth bar, she stumbles onto a case with roots that go all the way back to the last year of Cindy Stride's life.At the time, Cindy and Stride were on opposite sides of a domestic murder investigation. Gorgeous, brilliant Janine Snow--a surgeon transplanted to Duluth from Texas--was the prime suspect in the shooting death of her husband. Cindy believed her friend Janine was innocent, but Stride thought all the evidence pointed to the surgeon--even though the gun was never found. Despite Cindy's attempts to help Janine, the case led to a high-profile murder trial in which Janine was convicted and sent to prison.During the current investigation, Serena finds a gun used in the murder of a woman connected to an organized crime syndicate--a gun that turns out to be the same weapon used to kill Janine Snow's husband. Two unrelated cases years apart suddenly have a mysterious connection. As Stride investigates the possibility that human traffickers are targeting women in the Duluth port, he begins to question whether he made a terrible mistake eight years ago by putting an innocent woman in prison. And whether he will ever be able to make peace with the memory of his beloved wife and give his heart to Serena. 610 $aMinnesota 610 $aFiction 676 $a813.6 700 $aFreeman$b Brian$f1963-$01248279 906 $aBOOK 912 $a9910154669703321 996 $aGoodbye to the Dead$93598069 997 $aUNINA